000 00519nam a2200205Ia 4500
003 0100
008 130227s9999 xx 000 0 und d
040 _cARRUPELIB
050 _aHQ1190.C43
100 _aChambers, Clare
245 _aSex, culture and justice
245 _bthe limits of choice
260 _aPennyslvania
260 _bThe Pennyslvania State University Press
260 _C2007
300 _a294p.
300 _b 23 cm
650 _bLusaka (Northern Rhodesia) - Population
942 _2lcc
_01
999 _c6089
_d6089